Sócrates y el socratismo
Saved in:
| Hovedforfatter: | |
|---|---|
| Format: | Bog |
| Sprog: | spansk |
| Udgivet: |
Ciudad de México
Fondo de Cultura Económica
1966
|
| Serier: | Diánoia. Anuario de Filosofía
|
| Fag: | |
| Tags: |
Tilføj Tag
Ingen Tags, Vær først til at tagge denne postø!
|
MARC
| LEADER | 00000nam a2200000 a 4500 | ||
|---|---|---|---|
| 001 | UCZ3205 | ||
| 003 | CL-VaPUC | ||
| 008 | 951020e19660000MX |||||||||||||||||spa|d | ||
| 082 | 0 | 4 | |a 183.2 |b GOM |2 21 |
| 100 | |a Gómez Robledo, Antonio |e author |9 395063 | ||
| 245 | 1 | 0 | |a Sócrates y el socratismo |
| 300 | |a 204 p | ||
| 942 | |c BK | ||
| 945 | |d 19951020 00:00:00 |a rleighto | ||
| 260 | |a Ciudad de México |b Fondo de Cultura Económica |c 1966 | ||
| 600 | 0 | |a Sócrates |9 266368 | |
| 650 | 0 | |a Filosofía |9 223554 | |
| 583 | |a last modification |c 19951020 00:00:00 |k Rodrigo Vera | ||
| 490 | 0 | |a Diánoia. Anuario de Filosofía | |
| 999 | |c 239703 |d 239701 | ||
| 952 | |0 0 |1 0 |4 0 |6 183_200000000000000_GOM_1966 |7 0 |8 R |9 251016 |a BIBEDU |b BIBEDU |c MCIRC |d 2019-11-18 |i 312746K |l 2 |m 2 |o 183.2 GOM 1966 |p 312746K |r 2024-09-02 |s 2024-08-22 |w 2019-11-18 |y BK_R |k FIL | ||